| 000 | 00399pab a2200133 454500 | ||
|---|---|---|---|
| 008 | 180718b2002 xxu||||| |||| 00| 0 eng d | ||
| 100 | _aZhang, Mengzhong | ||
| 245 | _aInformation technology policy making in the People's Republic of China | ||
| 260 | _c2002 | ||
| 300 | _ap.693-721. | ||
| 650 | _aInformation technology | ||
| 773 | _aInternational Journal of Public Administration | ||
| 909 | _a52793 | ||
| 999 |
_c52793 _d52793 |
||